Flight reservation and tour operation (Record no. 33561)

MARC details
000 -LEADER
fixed length control field 00482nam a2200169Ia 4500
008 - FIXED-LENGTH DATA ELEMENTS--GENERAL INFORMATION
fixed length control field 230917s9999||||xx |||||||||||||| ||und||
020 ## - ISBN
Price RS1195
040 ## - CATALOGING SOURCE
-- 258765
Original cataloging agency VIVEKANANDA LIBRARY
041 ## - Language
-- English
082 ## - DDC NUMBER
Classification number 387.7422 S23F
100 ## - MAIN ENTRY--PERSONAL NAME
Personal name Singh, Ratandeep
245 #0 - TITLE STATEMENT
Title Flight reservation and tour operation
260 ## - PUBLICATION, DISTRIBUTION, ETC. (IMPRINT)
Place of publication, distribution, etc New Delhi
Name of publisher, distributor, etc Kanishka Publishers, Distributors
Date of publication, distribution, etc 2015
300 ## - PHYSICAL DESCRIPTION
Pages viii, 380 p.
500 ## - GENERAL NOTE
General note 3690 30/10/2019 UBC19/9679 18/11/2019 Main Budget
942 ## - ADDED ENTRY ELEMENTS (KOHA)
Koha item type Books
Holdings
Withdrawn status Lost status Damaged status Not for loan Location (home branch) Sublocation or collection (holding branch) Shelving location Date acquired Koha issues (times borrowed) Koha full call number Accession No. Koha date last seen Koha item type
        VIVEKANANDA LIBRARY VIVEKANANDA LIBRARY IHTM Library 04/12/2019   387.7422 S23F 395232 17/09/2023 Books
        VIVEKANANDA LIBRARY VIVEKANANDA LIBRARY IHTM Library 04/12/2019   387.7422 S23F 395233 17/09/2023 Books
© Designed and Maintained by Vivekananda Library, MDU Rohtak